000
003320000a22001570004500
001
004458
003
MACL
040
_a
MACL
090
_c
16451
_d
16450
100
_a
Roy, Aparna
245
_a
Women In Purana Tradition
_c
Aparna Roy
260
_a
Raka Prakashan,
_c
2004
350
_a
300
650
_a
Religion
942
_k
231
_c
Book
999
_c
16347
_d
16347